| 000 | 00535nam a22001817a 4500 | ||
|---|---|---|---|
| 003 | OSt | ||
| 005 | 20140310182953.0 | ||
| 008 | 130206t xxu||||| |||| 00| 0 eng d | ||
| 020 | _a9711202026 | ||
| 050 |
_aHF 5635 _b.P44 1996 |
||
| 100 | _aPefianco, Erlinda C. | ||
| 245 |
_aThe accounting process : principles and problems / _cErlinda C. Pefianco, Rosario D. Mercado |
||
| 260 |
_aMakati City : _bGoodwill Trading, _c1996. |
||
| 300 |
_aviii, 263 p. : _bill. ; _c26 cm. |
||
| 521 | _aBSA | ||
| 942 |
_2lcc _cBK _kLOC |
||
| 999 |
_c17945 _d17945 |
||